000
00338nam a22001457a 4500
005
20160625143152.0
008
160625b xxu||||| |||| 00| 0 eng d
041
_a
eng
082
_b
10084
245
_a
Principles of Insurance
260
_b
Insurance Intitute of India
_c
2003
300
_a
167
650
_a
Management
_9
241
942
_c
BK
999
_c
4034
_d
4033